Contemporary art in czechoslovakia / (Record no. 134221)

MARC details
000 -LEADER
fixed length control field 00597nam a22002177a 4500
005 - DATE AND TIME OF LATEST TRANSACTION
control field 20170124110222.0
010 ## - LIBRARY OF CONGRESS CONTROL NUMBER
LC control number 183430
020 ## - INTERNATIONAL STANDARD BOOK NUMBER
Terms of availability 00.00
035 ## - SYSTEM CONTROL NUMBER
System control number 183430
037 ## - SOURCE OF ACQUISITION
Source of stock number/acquisition Cen Lib/Ret
040 ## - CATALOGING SOURCE
Original cataloging agency DPL
Language of cataloging EN
082 ## - DEWEY DECIMAL CLASSIFICATION NUMBER
Classification number 709.437
Item number LAM
100 ## - MAIN ENTRY--PERSONAL NAME
Personal name Lamac, Miroslav
9 (RLIN) 40620
245 ## - TITLE STATEMENT
Title Contemporary art in czechoslovakia /
Statement of responsibility, etc by Miroslav Lamac
260 ## - PUBLICATION, DISTRIBUTION, ETC. (IMPRINT)
Place of publication, distribution, etc Prague
Name of publisher, distributor, etc Orbis
Date of publication, distribution, etc 1958
270 ## - ADDRESS
City Prague
300 ## - PHYSICAL DESCRIPTION
Extent 139p.:
Dimensions 21cm(Hb)
Other physical details ill.
650 ## - SUBJECT ADDED ENTRY--TOPICAL TERM
Topical term or geographic name as entry element Fine arts
9 (RLIN) 40621
650 ## - SUBJECT ADDED ENTRY--TOPICAL TERM
Topical term or geographic name as entry element Famous artists
Geographic subdivision Czechoslovakia
9 (RLIN) 40622
942 ## - ADDED ENTRY ELEMENTS (KOHA)
Source of classification or shelving scheme Dewey Decimal Classification
Koha item type English Books
Classification part 709.437
Call number suffix LAM
Holdings
Withdrawn status Lost status Damaged status Not for loan Collection code Home library Current library Date acquired Source of acquisition Cost, normal purchase price Total Checkouts Full call number Barcode Date last seen Copy number Cost, replacement price Price effective from Koha item type
      Not For Loan Reference Central Library Central Library 29/07/2015 Cen Lib/Ret 0.00   709.437 LAM 183430 29/07/2015 1 0.00 15/09/2016 English Books

© Delhi Public Library
Hit Counter
free hit counter